Historia prehispánica de los Chorotegas de Nicaragüa: una síntesis antropológica /
Sábháilte in:
| Príomhchruthaitheoir: | |
|---|---|
| Formáid: | Téacs |
| Ábhair: | |
| Clibeanna: |
Cuir clib leis
Níl clibeanna ann, Bí ar an gcéad duine le clib a chur leis an taifead seo!
|
MARC
| LEADER | 00000 a a2200000 04500 | ||
|---|---|---|---|
| 001 | 15554 | ||
| 003 | |||
| 040 | |||
| 100 | |a Carmack, Robert M | ||
| 245 | |a Historia prehispánica de los Chorotegas de Nicaragüa: |b una síntesis antropológica / |c Robert M Carmack | ||
| 650 | |a HISTORIA | ||
| 650 | |a AMERINDIOS | ||
| 650 | |a GRUPOS ETNICOS | ||
| 650 | |a LINGUISTICA | ||
| 650 | |a ARQUEOLOGIA | ||
| 650 | |a ANTROPOLOGIA | ||
| 773 | |g número 14; páginas 11-24 | ||
| 999 | |c 37934 |d 37934 | ||
